[Event "Indonesia Open 2013"]
[Site "Jakarta INA"]
[Date "2013.10.14"]
[Round "6.26"]
[White "Bersamina, Paulo"]
[Black "Cherniaev, Alexander"]
[Result "1/2-1/2"]
[WhiteTitle "FM"]
[BlackTitle "GM"]
[WhiteElo "2310"]
[BlackElo "2415"]
[WhiteFideId "5206995"]
[BlackFideId "4117301"]
[EventDate "2013.10.10"]

1. e4 c5 2. Nc3 Nc6 3. f4 g6 4. Nf3 Bg7 5. Bb5 Nd4 6. O-O Nxb5 7. Nxb5 d5 8.
exd5 a6 9. Nc3 Nf6 10. d4 c4 11. Qe2 b5 12. a4 b4 13. Nd1 Nxd5 14. Qxc4 O-O 15.
Nf2 a5 16. Re1 Ba6 17. Qc6 e6 18. Ne4 Qb8 19. Nd6 Ne7 20. Qc5 Nf5 21. Nxf5 gxf5
22. d5 Bb7 23. dxe6 Bxf3 24. exf7+ Rxf7 25. gxf3 Qb7 26. Qf2 Qc6 27. Kh1 h6 28.
Be3 Bxb2 29. Rad1 Rc8 30. Rg1+ Kh7 31. Rg2 Rg7 32. Rxg7+ Bxg7 33. Rg1 Qxa4 34.
Bd4 Bxd4 35. Qxd4 Rg8 36. Re1 Rg7 37. Qc5 Qd7 38. Qxa5 b3 39. Qc3 bxc2 40. Qxc2
Qd5 41. Qf2 Qc4 42. Qd2 Qc6 43. Qd3 Qg6 44. Qf1 Qd6 45. Re3 Qd2 46. Re2 Qxf4 47.
Qf2 1/2-1/2

[Event "Indonesia Open 2013"]
[Site "Jakarta INA"]
[Date "2013.10.14"]
[Round "6.27"]
[White "Teh, Eu Wen Aron"]
[Black "Bitoon, Richard"]
[Result "1/2-1/2"]
[BlackTitle "GM"]
[WhiteElo "2254"]
[BlackElo "2407"]
[WhiteFideId "5704723"]
[BlackFideId "5201110"]
[EventDate "2013.10.10"]

1. d4 Nf6 2. c4 c5 3. d5 e5 4. Nc3 d6 5. e4 Be7 6. Nge2 O-O 7. Ng3 g6 8. Bh6 Re8
9. Be2 Kh8 10. O-O Nbd7 11. Qd2 Ng8 12. Be3 a6 13. Bd3 Ndf6 14. h3 Kg7 15. Kh2
Nd7 16. a3 h6 17. Nge2 Bg5 18. f4 exf4 19. Nxf4 Ne5 20. Be2 Nf6 21. Kh1 Bd7 22.
b4 b6 23. Qe1 Rh8 24. Qg3 Nh7 25. Qf2 Bh4 26. g3 Bf6 27. Rac1 Re8 28. Kg2 Rc8
29. Nb1 Rc7 30. Nd2 Bc8 31. Nd3 Qd7 32. g4 Qa4 33. Nxe5 Rxe5 34. bxc5 bxc5 35.
Bf4 Qxa3 36. Ra1 Qc3 37. Rfc1 Qb4 38. Rcb1 Qc3 39. Rc1 Qb4 40. Rcb1 Qc3 1/2-1/2

[Event "Indonesia Open 2013"]
[Site "Jakarta INA"]
[Date "2013.10.14"]
[Round "6.28"]
[White "Karavade, Eesha"]
[Black "Medina, Warda Aulia"]
[Result "0-1"]
[WhiteTitle "IM"]
[BlackTitle "WIM"]
[WhiteElo "2400"]
[BlackElo "2319"]
[WhiteFideId "5012600"]
[BlackFideId "7101570"]
[EventDate "2013.10.10"]

1. Nf3 Nf6 2. c4 e6 3. g3 d5 4. b3 a5 5. Nc3 c6 6. Bg2 Bd6 7. Bb2 Nbd7 8. O-O
O-O 9. Qc2 Qe7 10. d4 dxc4 11. bxc4 e5 12. c5 Bc7 13. e3 Rb8 14. Rfe1 h6 15.
Rad1 Re8 16. Qc1 Qe6 17. Ba1 Qg4 18. Qc2 Qh5 19. dxe5 Nxe5 20. Nxe5 Bxe5 21. f4
Bc7 22. Na4 Bf5 23. Qb3 Ng4 24. e4 Qxh2+ 25. Kf1 Bxf4 26. exf5 Ne3+ 27. Rxe3
Bxe3 0-1

[Event "Indonesia Open 2013"]
[Site "Jakarta INA"]
[Date "2013.10.14"]
[Round "6.29"]
[White "Milliet, Sophie"]
[Black "Situru, Muhammad Ivan"]
[Result "1/2-1/2"]
[WhiteTitle "IM"]
[BlackTitle "IM"]
[WhiteElo "2399"]
[BlackElo "2290"]
[WhiteFideId "623725"]
[BlackFideId "7100426"]
[EventDate "2013.10.10"]

1. e4 c5 2. Nf3 Nc6 3. c3 Nf6 4. e5 Nd5 5. d4 cxd4 6. Bc4 Nb6 7. Bb3 d5 8. exd6
Qxd6 9. O-O Bf5 10. Nxd4 Nxd4 11. cxd4 Rd8 12. Nc3 e6 13. Qf3 Qb8 14. d5 Bd6 15.
dxe6 fxe6 16. g4 Bxh2+ 17. Kh1 Bg6 18. Bxe6 Qe5 19. Qe3 h5 20. Qxe5 Bxe5 21. Re1
hxg4+ 22. Kg2 Bf6 23. Bf4 Kf8 24. Rad1 Rxd1 25. Rxd1 Bf7 26. Bxg4 g5 27. Bg3 Kg7
28. Bf3 Re8 29. Bxb7 Re7 30. Bf3 Bxc3 31. bxc3 Bxa2 32. Bd6 Re8 33. Ra1 Bf7 34.
Rxa7 Nc8 35. Rd7 Nxd6 36. Rxd6 Rc8 37. Rc6 Rxc6 38. Bxc6 Kf6 39. Kf3 Kf5 40. Ke3
Ke5 41. Bb5 Kd5 42. c4+ Kc5 43. Ke4 Be6 44. Ke5 Bc8 45. Kf6 g4 46. Ke5 Bb7 47.
Bd7 Bf3 48. Be6 Be2 49. Bd5 Bd1 50. Kf4 Kd4 51. Be6 Be2 52. c5 Kxc5 53. Bxg4 Bd3
54. Ke5 Bc4 55. Be6 Bd3 56. Bd5 Bf1 57. f4 Bd3 58. Be4 Bc4 59. f5 Bb3 60. f6 Bf7
61. Bf3 Bc4 62. Bg4 Bf7 63. Be6 Bg6 64. Bf5 Bf7 65. Bd7 Bg6 66. Ke6 Kd4 67. Bb5
Ke4 68. Bc4 Kf4 69. Ke7 Ke5 70. Be2 Be8 71. Bd3 Bh5 72. Bh7 Be8 73. Bg8 Bg6 74.
Bf7 Bd3 75. Bh5 Bc4 76. Be2 Bd5 77. Bd3 Bb3 78. Bg6 Bc4 79. Bh5 Bd5 80. Bf7 Be4
81. Bg8 Bg6 1/2-1/2

[Event "Indonesia Open 2013"]
[Site "Jakarta INA"]
[Date "2013.10.14"]
[Round "6.30"]
[White "Masruri, Rahman"]
[Black "Gunawan, Ronny"]
[Result "1-0"]
[BlackTitle "IM"]
[WhiteElo "2222"]
[BlackElo "2395"]
[WhiteFideId "7101163"]
[BlackFideId "7100035"]
[EventDate "2013.10.10"]

1. e4 c6 2. d4 d5 3. exd5 cxd5 4. Bd3 Nc6 5. c3 g6 6. Bf4 Bg7 7. Nf3 Nh6 8. O-O
O-O 9. Re1 f6 10. c4 Bg4 11. cxd5 Nxd4 12. Bc4 Nhf5 13. Nbd2 b5 14. Bb3 Nd6 15.
h3 Nxb3 16. Qxb3 Bd7 17. Rac1 Rc8 18. Rxc8 Bxc8 19. Bxd6 exd6 20. Qxb5 f5 21.
Qa4 g5 22. Nd4 Qf6 23. Ne6 Bxe6 24. dxe6 Qe7 25. Qb3 g4 26. hxg4 fxg4 27. Re4 h5
28. Qd5 Be5 29. Nc4 Re8 30. Qd2 Qf6 31. Nxd6 Rxe6 32. Qd5 Kh7 33. Nc4 g3 34.
fxg3 Bxg3 35. Qxh5+ 1-0

[Event "Indonesia Open 2013"]
[Site "Jakarta INA"]
[Date "2013.10.14"]
[Round "6.31"]
[White "Farid, Firman Syah"]
[Black "Mohamad, Ervan"]
[Result "1/2-1/2"]
[WhiteTitle "IM"]
[WhiteElo "2392"]
[BlackElo "2260"]
[WhiteFideId "7102526"]
[BlackFideId "7102135"]
[EventDate "2013.10.10"]

1. d4 d5 2. Nf3 Nf6 3. c4 c6 4. cxd5 cxd5 5. Nc3 Nc6 6. Bf4 Bf5 7. e3 e6 8. Bd3
Bxd3 9. Qxd3 Bd6 10. Bxd6 Qxd6 11. O-O O-O 12. Rfc1 Rfc8 13. Ne2 Ne7 14. Rxc8+
Rxc8 15. Rc1 Rxc1+ 16. Nxc1 h6 17. Qc2 Qc6 18. Qxc6 Nxc6 19. Nd3 Kf8 20. Kf1 Ke7
21. Ke2 Ne4 22. Nfe5 Nxe5 23. Nxe5 Nf6 24. f3 Nd7 25. Nd3 Nb8 26. h4 Nc6 27. g4
g6 28. g5 hxg5 29. hxg5 Kd6 30. f4 Kc7 31. Kd2 Kd6 32. Kc3 b6 33. Nf2 a6 34. Ng4
Ke7 35. Nf6 Kd6 36. Ng4 Ke7 1/2-1/2

[Event "Indonesia Open 2013"]
[Site "Jakarta INA"]
[Date "2013.10.14"]
[Round "6.32"]
[White "Pham, Le Thao Nguyen"]
[Black "Suyud, Hartoyo"]
[Result "1/2-1/2"]
[WhiteTitle "IM"]
[WhiteElo "2389"]
[BlackElo "2226"]
[WhiteFideId "12401226"]
[BlackFideId "7102704"]
[EventDate "2013.10.10"]

1. d4 d5 2. c4 c6 3. cxd5 cxd5 4. Nc3 Nf6 5. Bf4 Nc6 6. e3 a6 7. Bd3 e6 8. Rc1
Bd6 9. Nge2 O-O 10. O-O Bxf4 11. Nxf4 Qd6 12. Nce2 Bd7 13. Bb1 Rfc8 14. Nd3 Rc7
15. h3 Rac8 16. Nc5 Be8 17. Qd2 Ne7 18. Bd3 Qb6 19. Rc3 Nf5 20. Bxf5 exf5 21.
Nf4 Qa7 22. Rfc1 b6 23. Ncd3 g5 24. Rxc7 Rxc7 25. Ne2 Bb5 26. f3 Rxc1+ 27. Nexc1
Qc7 28. b3 a5 29. Ne2 h6 30. Nc3 Bxd3 31. Qxd3 Kg7 32. Kf2 f4 33. Ne2 fxe3+ 34.
Kxe3 Nh5 35. Qf5 Nf4 36. Nxf4 gxf4+ 37. Kd2 Qd6 1/2-1/2

[Event "Indonesia Open 2013"]
[Site "Jakarta INA"]
[Date "2013.10.14"]
[Round "6.33"]
[White "Wahono, Awam"]
[Black "Lorparizangeneh, Shahin"]
[Result "0-1"]
[WhiteTitle "IM"]
[BlackTitle "FM"]
[WhiteElo "2376"]
[BlackElo "2249"]
[WhiteFideId "7100760"]
[BlackFideId "12521604"]
[EventDate "2013.10.10"]

1. Nf3 Nf6 2. g3 g6 3. Bg2 d5 4. O-O Bg7 5. d4 O-O 6. b3 c5 7. e3 cxd4 8. exd4
Nc6 9. Bb2 Bg4 10. Nbd2 Ne4 11. h3 Nxd2 12. Qxd2 Bxf3 13. Bxf3 e6 14. Bg2 Rc8
15. Rfd1 Qd6 16. c3 Ne7 17. Rac1 Rfd8 18. Qe2 Nf5 19. Kh2 h5 20. Kh1 Qc7 21. Qf3
Nd6 22. Qd3 Qa5 23. Ra1 Qb5 24. Qe3 a5 25. Rab1 a4 26. Bc1 axb3 27. axb3 Ra8 28.
g4 hxg4 29. hxg4 Ra2 30. Rd2 Rda8 31. Rxa2 Rxa2 32. Qf4 Qd3 33. Rb2 Rxb2 34.
Bxb2 Qd1+ 35. Kh2 Qxb3 36. Qxd6 Qxb2 37. Qb8+ Bf8 38. Qg3 Qa3 39. Kg1 Qc1+ 40.
Bf1 b5 41. Qe3 Qd1 42. Qe2 Qa1 43. Qd2 Qb1 44. Qd3 Qb2 45. Kg2 b4 46. cxb4 Qxb4
47. f4 Bg7 48. f5 Qxd4 49. Qxd4 Bxd4 50. Kf3 g5 51. Bb5 Kg7 0-1

[Event "Indonesia Open 2013"]
[Site "Jakarta INA"]
[Date "2013.10.14"]
[Round "6.35"]
[White "Ardiansyah, H"]
[Black "Yap, Kim Steven"]
[Result "0-1"]
[WhiteTitle "GM"]
[BlackTitle "IM"]
[WhiteElo "2368"]
[BlackElo "2417"]
[WhiteFideId "7100027"]
[BlackFideId "5202809"]
[EventDate "2013.10.10"]

1. d4 Nf6 2. c4 g6 3. g3 Bg7 4. Bg2 O-O 5. Nc3 c6 6. e4 d6 7. h3 e5 8. Nf3 Nbd7
9. O-O Re8 10. Be3 a6 11. a4 Qc7 12. Qc2 a5 13. Rad1 Nb8 14. b3 Na6 15. Rfe1 h6
16. g4 h5 17. g5 Nd7 18. d5 Ndc5 19. Qb1 Bf8 20. Re2 Bd7 21. Rb2 Be7 22. Kh2
Rec8 23. Rbd2 Qb6 24. Rb2 Nb4 25. dxc6 Bxc6 26. Nh4 Be8 27. Nd5 Nxd5 28. Rxd5
Qd8 29. Rbd2 Bxg5 30. Rxd6 Qe7 31. Nf3 Bxe3 32. fxe3 Bc6 33. Ne1 Rd8 34. R6d5
Bxd5 35. exd5 e4 36. Nc2 Qe5+ 37. Kh1 Qc3 38. Rf2 Qxb3 39. Qf1 Qxa4 0-1

[Event "Indonesia Open 2013"]
[Site "Jakarta INA"]
[Date "2013.10.14"]
[Round "6.36"]
[White "Pitra, Andika"]
[Black "Paragua, Mark"]
[Result "0-1"]
[WhiteTitle "FM"]
[BlackTitle "GM"]
[WhiteElo "2276"]
[BlackElo "2571"]
[WhiteFideId "7103255"]
[BlackFideId "5201241"]
[EventDate "2013.10.10"]

1. e4 c5 2. Nf3 d6 3. d4 cxd4 4. Nxd4 Nf6 5. Nc3 a6 6. Qf3 g6 7. h3 Bg7 8. Be3
Nc6 9. O-O-O Bd7 10. Nb3 Rc8 11. g4 Ne5 12. Qg2 b5 13. f4 Nc4 14. Bxc4 bxc4 15.
Nd4 O-O 16. Kb1 Qa5 17. Ka1 Rb8 18. Bc1 e5 19. Nde2 exf4 20. Rxd6 Ba4 21. g5 Nh5
22. Rd5 Bb5 23. Rhd1 Qb4 24. a3 Qe7 25. Qf3 f6 26. Nd4 Be8 27. h4 fxg5 28. hxg5
Be5 29. Qh3 Rb6 30. Qc8 Bf7 31. Qxc4 Qxg5 32. Qc5 Bxd4 33. R1xd4 Qf6 34. Rd7 Rc6
35. Qa7 f3 36. e5 Qxe5 37. Re7 Qc5 38. Qd7 f2 39. Rd1 Rd6 40. Rxd6 f1=Q 41. Rd1
Qf6 42. Rde1 Qfxc3 43. bxc3 Qc4 0-1

[Event "Indonesia Open 2013"]
[Site "Jakarta INA"]
[Date "2013.10.14"]
[Round "6.37"]
[White "Irwanto, Sadikin"]
[Black "Bilguun, Sumiya"]
[Result "1-0"]
[WhiteTitle "IM"]
[BlackTitle "FM"]
[WhiteElo "2407"]
[BlackElo "2284"]
[WhiteFideId "7100590"]
[BlackFideId "4901541"]
[EventDate "2013.10.10"]

1. d4 d5 2. c4 e6 3. Nc3 c6 4. Nf3 dxc4 5. e3 b5 6. a4 Bb4 7. Bd2 a5 8. axb5
Bxc3 9. Bxc3 cxb5 10. b3 Bb7 11. bxc4 b4 12. Bb2 Nf6 13. Bd3 O-O 14. O-O Nbd7
15. Re1 Re8 16. Bc2 Qc7 17. c5 Red8 18. Qb1 Bc6 19. Ba4 Qb7 20. Rc1 Rdc8 21. Ne1
Bxa4 22. Rxa4 Qb5 23. Ra2 a4 24. Ba3 b3 25. Rb2 e5 26. Qd3 Qc6 27. Rd2 e4 28. d5
exd3 29. dxc6 Ne5 30. f3 Nxc6 31. Nxd3 Nd5 32. Kf2 Nc7 33. Nb2 Nb5 34. Ra1 Ne5
35. Rd5 f6 36. f4 Ng4+ 37. Kf3 f5 38. Rxf5 Nf6 39. Nc4 Nxa3 40. Rxa3 Rab8 41.
Nb2 Rb4 42. Rxa4 Rxa4 43. Nxa4 Ra8 44. Nc3 Ra5 45. g4 Ra6 46. g5 b2 47. gxf6 Ra3
48. fxg7 Rxc3 49. Rf8+ Kxg7 50. Rb8 Rc2 51. h3 Rh2 52. c6 Rxh3+ 53. Ke4 Rh1 54.
Rxb2 Rc1 55. Kd5 Kf6 56. Rd2 h5 57. Kd6 Kf5 58. Rd5+ 1-0

[Event "Indonesia Open 2013"]
[Site "Jakarta INA"]
[Date "2013.10.14"]
[Round "6.38"]
[White "Panggabean, Hasian"]
[Black "Sukandar, Irine Kharisma"]
[Result "0-1"]
[BlackTitle "WGM"]
[WhiteElo "2190"]
[BlackElo "2363"]
[WhiteFideId "7101023"]
[BlackFideId "7101937"]
[EventDate "2013.10.10"]

1. d4 Nf6 2. Nf3 e6 3. c4 b6 4. g3 Bb4+ 5. Bd2 Bxd2+ 6. Qxd2 Ba6 7. b3 d5 8. Bg2
Bb7 9. cxd5 exd5 10. O-O O-O 11. Nc3 Nbd7 12. Rfd1 Re8 13. e3 a6 14. Rac1 Qe7
15. Ne1 Rac8 16. Nd3 Ne4 17. Nxe4 dxe4 18. Nf4 Nf6 19. h4 Qd6 20. Bh3 Rcd8 21.
Qc2 Re7 22. Rd2 h6 23. h5 Nd5 24. Nxd5 Qxd5 25. Qd1 Qg5 26. Rdc2 c6 27. Qg4 Qf6
28. Qf4 Rd5 29. Qxf6 gxf6 30. Bg4 f5 31. Be2 Kg7 32. Kg2 Kf6 33. b4 Rd8 34. a4
Red7 35. Bc4 Kg5 36. Be2 Kf6 37. Rh1 Rg8 38. Rh4 Ke7 39. Rf4 Rg5 40. Kh3 Rd5 41.
Kh4 Rd6 42. a5 bxa5 43. bxa5 Rd5 44. Rb2 Bc8 45. Rb6 Rxa5 46. Rxc6 Ra1 47. Rxh6
f6 48. Kh3 Re1 49. Rh7+ Kd6 50. Bc4 Rc1 51. Be2 Re1 52. Rh8 Be6 53. Bxa6 Bf7 54.
Rh4 Rh1+ 55. Kg2 Rxh4 0-1

[Event "Indonesia Open 2013"]
[Site "Jakarta INA"]
[Date "2013.10.14"]
[Round "6.39"]
[White "Tirto"]
[Black "Hakiki, Kaisar Jenius"]
[Result "1-0"]
[WhiteTitle "IM"]
[BlackTitle "FM"]
[WhiteElo "2328"]
[BlackElo "2299"]
[WhiteFideId "7101058"]
[BlackFideId "7102097"]
[EventDate "2013.10.10"]

1. e4 e5 2. f4 exf4 3. Nc3 d5 4. Nxd5 Qh4+ 5. Ke2 Bd6 6. Nf3 Bg4 7. d4 c6 8.
Nxf4 Bxf4 9. Bxf4 Bxf3+ 10. Kxf3 Nf6 11. Bd3 Qg4+ 12. Ke3 Qe6 13. Kf2 Ng4+ 14.
Kg1 h5 15. c3 g5 16. Bd2 Nd7 17. h3 Ngf6 18. Qf3 g4 19. hxg4 Nxg4 20. Qf5 Qxf5
21. exf5 O-O-O 22. Re1 c5 23. Bf4 Ndf6 24. Bc4 Rhe8 25. Kf1 Rxe1+ 26. Kxe1 Re8+
27. Kd2 cxd4 28. Bxf7 Re4 29. Be6+ Kd8 30. Bb8 d3 31. Bxa7 Re2+ 32. Kxd3 Rxb2
33. Rg1 b6 34. Bb8 Nf2+ 35. Ke3 Rc2 36. Bf4 N6e4 37. Be5 Nc5 38. Bd4 Nxe6 39.
fxe6 Ke7 40. Rb1 Ng4+ 41. Kf3 Rxa2 42. Rxb6 Ra5 43. Kf4 Rd5 44. Rc6 Kd8 45. Bc5
Re5 46. Bb4 Re2 47. Ra6 Kc7 48. e7 Kb7 49. Ra2 Re6 50. Rd2 Kc7 51. Rd8 1-0

[Event "Indonesia Open 2013"]
[Site "Jakarta INA"]
[Date "2013.10.14"]
[Round "6.40"]
[White "Le, Tuan Minh"]
[Black "Fauzan, M"]
[Result "1-0"]
[WhiteTitle "FM"]
[WhiteElo "2327"]
[BlackElo "2221"]
[WhiteFideId "12401153"]
[BlackFideId "7105142"]
[EventDate "2013.10.10"]

1. d4 d5 2. c4 c6 3. Nf3 Nf6 4. e3 g6 5. Nc3 Bg7 6. Be2 O-O 7. O-O a6 8. c5 Nbd7
9. b4 Qc7 10. Bb2 e5 11. Nxe5 Nxe5 12. dxe5 Qxe5 13. Na4 Qe7 14. Bd4 Bf5 15. Qd2
Nd7 16. Rac1 Rae8 17. Rfd1 Qg5 18. Nc3 Bh3 19. Bf1 Bf5 20. Bxg7 Kxg7 21. Ne2 Kg8
22. Nd4 Bg4 23. Re1 Nf6 24. a4 Bd7 25. Qb2 Ne4 26. Bd3 Qf6 27. Rc2 Re7 28. Rd1
Rfe8 29. f3 Ng5 30. Nf5 Re5 31. Nd6 Nxf3+ 32. Kh1 Rh5 33. g4 Nxh2 34. gxh5 Qf3+
35. Kxh2 Rxe3 36. Rf1 Qg3+ 37. Kh1 Rxd3 38. Qf6 Be6 39. h6 1-0

[Event "Indonesia Open 2013"]
[Site "Jakarta INA"]
[Date "2013.10.14"]
[Round "6.41"]
[White "Manakova, Maria"]
[Black "Margana, Adhy"]
[Result "0-1"]
[WhiteTitle "WGM"]
[WhiteElo "2320"]
[BlackElo "2203"]
[WhiteFideId "927007"]
[BlackFideId "7101376"]
[EventDate "2013.10.10"]

1. e4 e5 2. Nf3 Nc6 3. Bb5 Nf6 4. O-O Nxe4 5. d4 Nd6 6. Bxc6 dxc6 7. dxe5 Nf5 8.
Qxd8+ Kxd8 9. Nc3 Ne7 10. Ng5 Ke8 11. f4 Bf5 12. Bd2 Bxc2 13. e6 f6 14. Nge4 Nd5
15. Rae1 Nxc3 16. Bxc3 Be7 17. f5 Rd8 18. g4 Rd5 19. Kh1 h6 20. Ng3 Rg8 21. Nh5
c5 22. Nf4 Rd8 23. Ng6 Ba4 24. Nxe7 Kxe7 25. h4 Rd3 26. Kh2 Rgd8 27. Rg1 Bc6 28.
Rg3 Rxg3 29. Kxg3 Rd3+ 30. Kh2 Rf3 31. Rg1 b6 32. Rg3 Rf2+ 33. Kg1 Rf3 34. Kh2
Rf1 35. Rg1 Rxg1 36. Kxg1 Bf3 37. g5 hxg5 38. hxg5 Bg4 39. gxf6+ gxf6 40. a3
Bxf5 41. Kf2 Kxe6 42. Ke3 Bb1 43. Kf4 c6 44. Bd2 Kd5 45. Bc3 f5 46. Be5 a6 47.
Bc7 b5 48. Bb6 Be4 49. Ke3 Kc4 50. Ba7 Kb3 51. Bxc5 Kxb2 52. Kd4 Kb3 53. Bb4 Bd5
54. Ke5 Be4 55. Kd4 a5 56. Bxa5 Kxa3 57. Kc5 f4 58. Bd2 f3 59. Be1 Bd5 0-1

[Event "Indonesia Open 2013"]
[Site "Jakarta INA"]
[Date "2013.10.14"]
[Round "6.42"]
[White "Sinurat, Tumpak"]
[Black "Smirnov, Anton"]
[Result "1/2-1/2"]
[BlackTitle "FM"]
[WhiteElo "2249"]
[BlackElo "2306"]
[WhiteFideId "7104138"]
[BlackFideId "3208923"]
[EventDate "2013.10.10"]

1. e4 c5 2. Nc3 d6 3. g3 Nc6 4. Bg2 g6 5. Nge2 Bg7 6. d3 Nf6 7. h3 O-O 8. O-O
Rb8 9. f4 Bd7 10. Be3 b5 11. Qd2 b4 12. Nd1 a5 13. c3 bxc3 14. bxc3 a4 15. Nf2
Qa5 16. Rfb1 Rfc8 17. Qc2 Ne8 18. Bd2 Nc7 19. Rxb8 Rxb8 20. Rb1 Rxb1+ 21. Qxb1
Qb5 22. Qc2 h5 23. Bf1 c4 24. d4 d5 25. Bg2 Bc8 26. f5 gxf5 27. exf5 Ne8 28. g4
hxg4 29. hxg4 e5 30. fxe6 Bxe6 31. Nf4 Nf6 32. Bh3 Nh7 33. Nxe6 fxe6 34. g5 Nd8
35. Ng4 Qe8 36. g6 Nf8 37. Bg5 Nb7 38. Nf6+ Bxf6 39. Bxf6 Nd6 40. Be5 Ne4 41. g7
Ng6 42. Qxa4 Qxa4 43. Bxe6+ Kh7 44. g8=Q+ Kh6 45. Bf4+ Nxf4 46. Qf8+ Kh5 47.
Qxf4 Qd1+ 48. Qf1 Qxf1+ 49. Kxf1 Nxc3 50. Ke1 Kg5 51. Kd2 Kf6 52. Bg8 Nxa2 53.
Bxd5 c3+ 54. Kc2 1/2-1/2

[Event "Indonesia Open 2013"]
[Site "Jakarta INA"]
[Date "2013.10.14"]
[Round "6.43"]
[White "Marentek, Hanny"]
[Black "Tran, Tuan Minh"]
[Result "1/2-1/2"]
[WhiteTitle "FM"]
[BlackTitle "FM"]
[WhiteElo "2208"]
[BlackElo "2344"]
[WhiteFideId "7100825"]
[BlackFideId "12401820"]
[EventDate "2013.10.10"]

1. d4 Nf6 2. c4 e6 3. Nf3 c5 4. e3 b6 5. Nc3 Bb7 6. Be2 cxd4 7. exd4 d5 8. O-O
Nbd7 9. Bg5 Be7 10. Bxf6 Nxf6 11. cxd5 Nxd5 12. Bb5+ Kf8 13. Rc1 a6 14. Bd3 Nf4
15. Be4 Bxe4 16. Nxe4 Qd5 17. Re1 Rd8 18. Qd2 Ng6 19. a3 h5 20. Qd3 b5 21. Nc3
Qd7 22. Qe3 Rh6 23. Red1 Bd6 24. Ne5 Qb7 25. Ne4 Kg8 26. Qf3 Kf8 27. Nc6 Rd7 28.
Na5 Qb8 29. Nxd6 Rxd6 30. Nb7 Rd5 31. Nc5 Qd6 32. Nxe6+ Qxe6 33. Re1 Ne7 34.
Rxe6 Rxe6 35. h3 g6 36. Qf4 Nf5 37. Rd1 h4 38. Kf1 Kg7 39. Re1 Rxd4 40. Qc7 Red6
41. Qc3 Kh7 42. Re8 Rd7 43. Kg1 Kh6 44. Qc1+ Kg7 45. Qc3 Kh6 46. Rh8+ Kg5 47.
Kh2 Rd2 48. Qc1 Kf6 49. Qc3+ R7d4 50. Rd8 Rd1 51. Rxd4 Rxd4 52. g4 hxg3+ 53.
fxg3 Ke5 54. g4 Nd6 55. Kg2 Kd5 56. Qa5 Ra4 57. Qd8 Ke6 58. Qa8 Rc4 59. Qxa6
Rc2+ 60. Kf3 Rxb2 61. h4 Rc2 62. Qa7 Rc3+ 63. Kf4 Rh3 64. Kg5 Ne4+ 65. Kf4 Nd6
66. Kg5 Ne4+ 67. Kf4 Nd6 68. Kg5 Ne4+ 69. Kf4 Nd6 70. Qf2 f6 71. Qf1 Kd7 72. Qa1
Ke7 73. Qb1 Kf7 74. Qd1 Ke6 75. Qe2+ Kf7 1/2-1/2

[Event "Indonesia Open 2013"]
[Site "Jakarta INA"]
[Date "2013.10.14"]
[Round "6.45"]
[White "Sutarno"]
[Black "Nakhbayeva, Guliskhan"]
[Result "0-1"]
[BlackTitle "WGM"]
[WhiteElo "2251"]
[BlackElo "2307"]
[WhiteFideId "7101139"]
[BlackFideId "13704788"]
[EventDate "2013.10.10"]

1. d4 Nf6 2. Bf4 e6 3. e3 c5 4. c3 Be7 5. Nd2 Nc6 6. h3 b6 7. Ngf3 Bb7 8. Bd3
O-O 9. O-O cxd4 10. exd4 d6 11. Qe2 Rc8 12. Rfe1 Qc7 13. Ne4 Nxe4 14. Qxe4 g6
15. Qe3 Bf6 16. Nh2 Bg7 17. Bh6 Rce8 18. Bxg7 Kxg7 19. Ng4 f5 20. Qh6+ Kh8 21.
Rxe6 fxg4 22. Rae1 Qf7 23. Bxg6 Rxe6 24. Rxe6 Qxf2+ 25. Kh1 Qf1+ 26. Kh2 Qf4+
27. Qxf4 Rxf4 28. Kg3 Rf8 29. Bc2 gxh3 30. gxh3 d5 31. Ba4 Rc8 32. Kf4 Rc7 33.
Rd6 Rf7+ 34. Kg5 Ne7 35. Bd7 Kg7 36. Bg4 Ba6 37. Kh4 Bd3 38. Kg3 Be4 39. Rd7 h5
40. Be6 Rf3+ 41. Kh4 Kf6 42. Rd6 Ng6+ 0-1

[Event "Indonesia Open 2013"]
[Site "Jakarta INA"]
[Date "2013.10.14"]
[Round "6.46"]
[White "Bancod, Ronald"]
[Black "Davletbayeva, Madina"]
[Result "0-1"]
[WhiteTitle "IM"]
[BlackTitle "WIM"]
[WhiteElo "2306"]
[BlackElo "2259"]
[WhiteFideId "5200938"]
[BlackFideId "13703595"]
[EventDate "2013.10.10"]

1. e4 e5 2. Bc4 Nf6 3. d3 c6 4. Nf3 d5 5. Bb3 Bd6 6. Nc3 dxe4 7. dxe4 O-O 8. h3
Na6 9. Be3 Qe7 10. O-O h6 11. Nh4 Rd8 12. Qf3 Be6 13. Nf5 Bxf5 14. Qxf5 Bc5 15.
Bc1 Nh7 16. Kh1 Rd6 17. f4 Rf6 18. Qg4 Rd8 19. Ne2 Qd7 20. Ng3 Qxg4 21. hxg4 Rg6
22. Nf5 Nf6 23. fxe5 Nxe4 24. Bf4 Rxg4 25. g3 Kh7 26. Rae1 Nd2 27. Bxf7 Nxf1 28.
Rxf1 g6 29. Nd6 g5 30. Bh5 Rxf4 31. gxf4 Bxd6 32. exd6 Rxd6 33. fxg5 hxg5 34.
Be2 Nc5 35. Rf7+ Kg6 36. Re7 Re6 37. Bd3+ Kf6 38. Rxe6+ Kxe6 39. Bg6 Ke5 40. Kg2
Kf4 41. b4 Ne4 42. a4 Nc3 43. a5 Nd5 44. a6 bxa6 45. c3 Nxc3 46. Be8 Nd5 47.
Bxc6 Nxb4 48. Ba4 g4 49. Be8 a5 50. Bd7 Nd3 51. Kf1 Nc5 52. Bc6 a4 53. Ke2 a3
54. Bd5 Ne4 0-1

[Event "Indonesia Open 2013"]
[Site "Jakarta INA"]
[Date "2013.10.14"]
[Round "6.47"]
[White "Purba, Cornelis"]
[Black "Surya, Wahyudi"]
[Result "0-1"]
[WhiteElo "2193"]
[BlackElo "2279"]
[WhiteFideId "7101740"]
[BlackFideId "7102542"]
[EventDate "2013.10.10"]

1. e4 c5 2. Nf3 d6 3. d4 cxd4 4. Nxd4 Nf6 5. Nc3 a6 6. Bg5 e6 7. Qd2 b5 8. a3
Be7 9. O-O-O Bb7 10. f3 Nbd7 11. h4 Rc8 12. Kb1 Nb6 13. Qe1 Qc7 14. h5 h6 15.
Bc1 d5 16. e5 Nfd7 17. f4 Nc4 18. Bxc4 dxc4 19. Qg3 O-O 20. Rhe1 Nc5 21. f5 Kh8
22. Bf4 Rfe8 23. Qe3 Bf8 24. f6 Kh7 25. g4 Rb8 26. Rg1 gxf6 27. Bg3 Qb6 28. exf6
b4 29. axb4 Qxb4 30. Bxb8 Rxb8 31. Kc1 Ba8 32. Kd2 Ne4+ 33. Ke2 Ng5 34. Rd2 Qc5
35. Nd1 Qc7 36. c3 Rd8 37. Nf2 Rd5 38. Qg3 Bd6 39. Qh4 Bf4 40. Rdd1 Qe5+ 41. Kf1
Qxf6 42. Re1 Be5 43. Rg3 Bxd4 44. cxd4 Rxd4 45. Rge3 Rd2 46. R3e2 Qxb2 47. Rxd2
Qxd2 48. Qg3 Nf3 49. Rd1 Qe3 50. Qc7 Kg7 51. Qd6 e5 52. Rd5 Nh2+ 53. Kg2 Qf3+
54. Kxh2 Qxf2+ 55. Kh3 Qf3+ 56. Kh4 Qxd5 0-1

[Event "Indonesia Open 2013"]
[Site "Jakarta INA"]
[Date "2013.10.14"]
[Round "6.48"]
[White "Bachtiar, Ahmad Ina"]
[Black "Sihite, Chelsie Monica"]
[Result "0-1"]
[BlackTitle "WIM"]
[WhiteElo "2219"]
[BlackElo "2267"]
[WhiteFideId "7102682"]
[BlackFideId "7101198"]
[EventDate "2013.10.10"]

1. d4 Nf6 2. e3 d6 3. Nc3 g6 4. f4 Bg7 5. Nf3 O-O 6. h3 Nbd7 7. g4 c6 8. e4 e5
9. dxe5 dxe5 10. fxe5 Ne8 11. Qd4 Nc7 12. Be3 Ne6 13. Qd2 Nxe5 14. Nxe5 Qxd2+
15. Bxd2 Bxe5 16. O-O-O Rd8 17. Bc4 b5 18. Bb3 a5 19. a4 b4 20. Ne2 Ba6 21. Bxe6
Bxe2 22. Rde1 Ba6 23. Bb3 Rxd2 24. Kxd2 Bf4+ 25. Kd1 Rd8+ 26. Bd5 g5 27. h4 cxd5
28. e5 Bg3 29. Re3 gxh4 30. e6 fxe6 31. Rxe6 Bc8 32. Rf6 Bxg4+ 33. Kc1 Rf8 0-1